000 00442nam a2200169Ia 4500
001 17407
003 IN-NITTTR
005 20251114233205.0
008 251113s9999||||xx |||||||||||||| ||eng||
040 _beng
040 _cIN-NITTTR
041 _aeng
082 _a307.14 M42A
100 _aMathur, Hari Mohan
245 0 _aAdministering development in the third world :
_b constraints and choices /
_cMathur, Hari Mohan
942 _2ddc
_cBK
999 _c20041
_d20041